| 000 | 00790cab a2200229 4500 | ||
|---|---|---|---|
| 001 | WB3347-24 | ||
| 008 | 090401t1997 xxu||||| |||| 00| 0 eng d | ||
| 035 | _a(Sirsi) u82467 | ||
| 041 | _aeng | ||
| 245 | _aBack to South Australia | ||
| 260 | _c1997 | ||
| 350 | _a0 | ||
| 490 |
_aEstates Gazette _v(9748) 29 November 1997, 153(1) |
||
| 520 | _aConsiders "South Australia Asset Management Corporation v York Montague Ltd" 1996 defining the extent of a valuer`s liability to a lender. | ||
| 650 | _aBANQUE BRUXELLES LAMBERT SA V EAGLE STAR INSURANCE | ||
| 650 | _aPROFESSIONAL LIABILITY | ||
| 650 | _aSOUTH AUSTRALIA ASSET MANAGEMENT CORPORATION V YORK MONTAGUE LTD | ||
| 650 |
_aValuation _96273 |
||
| 690 | _aRATING AND VALUATION-CASE LAW | ||
| 942 | _n0 | ||
| 948 | _c02/12/1997 | ||
| 999 |
_c52074 _d52074 |
||